Historia de las tipologías arquitectónicas / (Record no. 118911)
[ view plain ]
| 000 -LEADER | |
|---|---|
| campo de control de longitud fija | 00982nam a2200265 4500 |
| 001 - NÚMERO DE CONTROL | |
| campo de control | 118911 |
| 003 - IDENTIFICADOR DE NÚMERO DE CONTROL | |
| campo de control | ES-MaACL |
| 005 - FECHA Y HORA DE LA ÚLTIMA TRANSACCIÓN | |
| campo de control | 20250927162918.0 |
| 007 - CAMPO FIJO DE DESCRIPCIÓN FÍSICA--INFORMACIÓN GENERAL | |
| campo de control de longitud fija | t| |
| 008 - DATOS DE LONGITUD FIJA--INFORMACIÓN GENERAL | |
| campo de control de longitud fija | 070214s1980 sp r ||||1| spa d |
| 020 ## - NÚMERO INTERNACIONAL ESTÁNDAR DEL LIBRO | |
| Número Internacional Estándar del Libro | 84-252-0915-3 |
| 100 1# - ENTRADA PRINCIPAL--NOMBRE DE PERSONA | |
| Nombre de persona | Pevsner, Nikolaus. |
| 9 (RLIN) | 91583 |
| 245 10 - MENCIÓN DEL TÍTULO | |
| Título | Historia de las tipologías arquitectónicas / |
| Mención de responsabilidad, etc. | Nikolaus Pevsner ; prólogo de Oriol Bohigas ; versión de Anna María Pujol i Puigvehí, Esteve Riambau i Saurí ; revisión bibliográfica de Joaquín Romaguera i Ramió. |
| 250 ## - MENCION DE EDICION | |
| Mención de edición | 2ª. ed. |
| 260 ## - PUBLICACIÓN, DISTRIBUCIÓN, ETC. | |
| Lugar de publicación, distribución, etc. | Barcelona : |
| Nombre del editor, distribuidor, etc. | Gustavo Gili, |
| Fecha de publicación, distribución, etc. | 1980. |
| 300 ## - DESCRIPCIÓN FÍSICA | |
| Extensión | 447 p. : |
| Otras características físicas | il. ; |
| Dimensiones | 25 cm. |
| 490 1# - MENCIÓN DE SERIE | |
| Mención de serie | Biblioteca de arquitectura |
| 700 1# - ENTRADA AGREGADA--NOMBRE PERSONAL | |
| Nombre de persona | Bohigas, Oriol. |
| 9 (RLIN) | 29819 |
| 700 1# - ENTRADA AGREGADA--NOMBRE PERSONAL | |
| Nombre de persona | Pujol i Puigvehí, Anna María. |
| 9 (RLIN) | 94353 |
| 700 1# - ENTRADA AGREGADA--NOMBRE PERSONAL | |
| Nombre de persona | Riambau, Esteve, |
| Fechas asociadas al nombre | 1925-1994 |
| 9 (RLIN) | 156353 |
| 700 1# - ENTRADA AGREGADA--NOMBRE PERSONAL | |
| Nombre de persona | Romaguera i Ramió, Joaquín. |
| 9 (RLIN) | 186429 |
| 830 0# - PUNTO DE ACCESO ADICIONAL DE SERIE-TÍTULO UNIFORME | |
| Título uniforme | Biblioteca de arquitectura |
| 9 (RLIN) | 182009 |
| 852 ## - LOCALIZACIÓN | |
| Ubicación | ES-MaACL |
| Número de control de estantería | E-1317 |
| Estatus retirado | Estado de pérdida | Estado de daño | No para préstamo | Biblioteca de origen | Biblioteca actual | Ubicación en estantería | Fecha de adquisición | Fuente de adquisición | Total de préstamos | Signatura topográfica completa | Código de barras | Visto por última vez | Precio de reemplazo | Tipo de ítem Koha |
|---|---|---|---|---|---|---|---|---|---|---|---|---|---|---|
| Biblioteca del Ateneo de Madrid | Biblioteca del Ateneo de Madrid | Depósito 2 | 17/01/2008 | E-1317 | 1123965 | 23/02/2023 | 23/02/2023 | Libro impreso |
